Fifty million acres: conflicts over Kansas land policy, 1854-1890.

Bibliographical footnotes. "Bibliographical note": pages 295-299.

Bibliographic Details
Main Author: Gates, Paul W. (Paul Wallace), 1901-1999
Format: Book
Language:English
Published: Ithaca, N.Y., Cornell University Press [1954]
Subjects:

MARC

Tag First Indicator Second Indicator Subfields
LEADER 00000cam a2200000M 4500
001 in00000064596
005 20231130193849.0
008 851011s1954 nyuab b 000 0 eng d
010 |a  54007385  
015 |a GB5403017  |2 bnb 
016 7 |a CAT11001083  |2 DNAL 
016 7 |a 001374696  |2 Uk 
016 7 |a 008325318  |2 Uk 
019 |a 230302  |a 221291948  |a 1054231485  |a 1063052050 
029 1 |a AU@  |b 000003977468 
029 1 |a AU@  |b 000009247949 
029 1 |a AU@  |b 000055548779 
029 1 |a NZ1  |b 11783330 
029 1 |a NZ1  |b 667836 
029 1 |a UKMGB  |b 001374696 
029 1 |a UKMGB  |b 008325318 
035 |a (OCoLC)ocm13690705  
035 |a (OCoLC)13690705  |z (OCoLC)230302  |z (OCoLC)221291948  |z (OCoLC)1054231485  |z (OCoLC)1063052050 
035 |a (OCoLC)ocm13690705  
040 |a COF  |b eng  |c COF  |d WSU  |d SER  |d OCL  |d UKM  |d OCLCQ  |d AGL  |d OCLCG  |d DRB  |d MTG  |d OCLCA  |d EDX  |d OCLCQ  |d OCLCA  |d OCLCF  |d EZN  |d OCLCQ  |d SFR  |d CD5  |d OCLCA  |d OCLCQ  |d CSJ  |d TYC  |d OCLCQ  |d ALMSI  |d OCLCQ  |d CCH  |d OCLCQ  |d UKMGB  |d OCLCO  |d AUM 
043 |a n-us-ks 
050 0 0 |a HD211.K2  |b G3 
070 0 |a 282.029  |b G22 
072 0 |a E110 
072 0 |a P300 
082 0 4 |a 333.1 
100 1 |a Gates, Paul W.  |q (Paul Wallace),  |d 1901-1999. 
245 1 0 |a Fifty million acres:  |b conflicts over Kansas land policy, 1854-1890. 
260 |a Ithaca, N.Y.,  |b Cornell University Press  |c [1954] 
300 |a xiii, 311 pages  |b illustrations, maps  |c 23 cm 
336 |a text  |b txt  |2 rdacontent 
337 |a unmediated  |b n  |2 rdamedia 
338 |a volume  |b nc  |2 rdacarrier 
340 |m 8vo.  |2 rdabf 
504 |a Bibliographical footnotes. "Bibliographical note": pages 295-299. 
505 0 |a Land problems in the Kansas struggle: Allotments -- Sale of the trust lands -- Public land sales in the territorial period -- Railroad purchase of indian reserves -- Settler-railroad war on the neutral tract -- Struggle over the Osage Reserve: The end of treaty making -- Ho for Kansas and free land -- Railroad land policies in the agrarian crusade. 
520 |a Bibliographical footnotes. "Bibliographical note": pages 295-299. 
650 0 |a Land use  |z Kansas. 
650 0 |a Public lands  |z Kansas. 
650 6 |a Utilisation du sol  |z Kansas. 
650 6 |a Terres publiques  |z Kansas. 
650 7 |a Land use.  |2 fast  |0 (OCoLC)fst00991472 
650 7 |a Public lands.  |2 fast  |0 (OCoLC)fst01082573 
651 7 |a Kansas.  |2 fast  |0 (OCoLC)fst01204323 
776 0 8 |i Online version:  |a Gates, Paul W. (Paul Wallace), 1901-1999.  |t Fifty million acres.  |d Ithaca, N.Y., Cornell University Press [1954]  |w (OCoLC)609777608 
948 |h HELD BY TXA - 565 OTHER HOLDINGS 
994 |a Z0  |b TXA 
999 f f |s 41830c23-6c04-3673-98bf-45da5cbcfaea  |i 39339653-6fa2-307d-8d8e-e107ec52f9c7  |t 0 
952 f f |p ric  |a Texas A&M University  |b Rellis Campus  |c Joint Library Facility  |s JLF  |d Remote Storage  |t 0  |e HD211.K2 G3  |h Library of Congress classification  |i unmediated -- volume  |m A14800739591 
998 f f |a HD211.K2 G3  |t 0  |l Remote Storage